| 000 | 01337nam a2200301 i 4500 | ||
|---|---|---|---|
| 001 | 102795 | ||
| 003 | ES-MaACL | ||
| 007 | t| | ||
| 008 | 040525s2001 sp ||||0| spa d | ||
| 020 | _a84-89006-89-X | ||
| 040 |
_aM-BN _bspa _cM-BN |
||
| 080 | _a657.25 | ||
| 080 | _a659.43:657.3 | ||
| 080 | _a343.53 | ||
| 100 | 1 |
_aLarrán Jorge, Manuel. _970304 |
|
| 245 | 1 | 3 |
_aEl mercado de información voluntaria en las bolsas de valores [ _hRecurso electrónico] / _cautor, Manuel Larrán Jorge. Los sistemas de "reporting" digital, hacia un nuevo enfoque de la contabilidad financiera / autores,Enrique Bonsón Ponte, Tomás Escobar Rodríguez, Susana Gago Rodríguez. |
| 260 |
_aMadrid : _bInstituto de Contabilidad y Auditoría de Cuentas, _c[2001] |
||
| 300 |
_a1 disco (CD-ROM) : _bcol ; _c12 cm. |
||
| 504 | _aIncluye referencias bibliográficas. | ||
| 650 | 1 | 4 |
_aInformación contable- _vCD-ROM. _913756 |
| 650 | 1 | 4 |
_aComunicación financiera- _vCD-ROM. _911197 |
| 650 | 1 | 4 |
_aInformación privilegiada (Valores mobiliarios)- _vCD-ROM. _913757 |
| 700 | 1 |
_aBonsón Ponte, Enrique. _930302 |
|
| 700 | 1 |
_aEscobar Rodríguez, Tomás. _947571 |
|
| 700 | 1 |
_aGago Rodríguez, Susana. _953239 |
|
| 740 | 4 | _aLos sistemas de "reporting" digital, hacia un nuevo enfoque de la contabilidad financiera. | |
| 852 |
_aES-MaACL _jROT 2/3/12 |
||
| 999 |
_c102795 _d102795 |
||